[Event "XtraCon-Skakligaen"]
[Site "Denmark"]
[Date "2013.02.17"]
[Round "7.2"]
[White "Hansen, Lars"]
[Black "Palo, Davor"]
[Result "0-1"]
[WhiteElo "2267"]
[BlackElo "2551"]
[PlyCount "42"]
[EventDate "2012.10.27"]
[EventType "team-tourn"]
[EventRounds "9"]
[WhiteTeam "SK1968"]
[BlackTeam "TeamNordeaSkb"]
[WhiteTeamCountry "DEN"]
[BlackTeamCountry "DEN"]

1. e4 c6 2. d4 d5 3. e5 Bf5 4. Nf3 e6 5. Be2 Nd7 6. O-O Ne7 7. Nh4 Be4 8. Nd2
c5 9. c3 Nc6 10. Nxe4 dxe4 11. g3 Be7 12. Ng2 Qb6 13. Be3 Qxb2 14. Rb1 Qxc3 15.
Rxb7 cxd4 16. Bb5 Ndxe5 17. Bf4 O-O 18. Bxe5 Nxe5 19. Rxe7 Rab8 20. Qe2 Nf3+
21. Kh1 Qc5 0-1

[Event "XtraCon-Skakligaen"]
[Site "Denmark"]
[Date "2013.02.17"]
[Round "7.3"]
[White "Pedersen, Nicolai Vesterbaek"]
[Black "Lindfeldt, Jan Magnus"]
[Result "1/2-1/2"]
[WhiteElo "2443"]
[BlackElo "2269"]
[PlyCount "70"]
[EventDate "2012.10.27"]
[EventType "team-tourn"]
[EventRounds "9"]
[WhiteTeam "TeamNordeaSkb"]
[BlackTeam "SK1968"]
[WhiteTeamCountry "DEN"]
[BlackTeamCountry "DEN"]

1. d4 d5 2. c4 e6 3. Nc3 Be7 4. cxd5 exd5 5. Bf4 Nf6 6. e3 Nbd7 7. Bd3 Nf8 8.
h3 Ne6 9. Bh2 O-O 10. Nf3 b6 11. Ne5 Bb7 12. Rc1 c5 13. Bb1 Rc8 14. O-O g6 15.
a3 Ne4 16. Bxe4 dxe4 17. d5 Nc7 18. Nc6 Bxc6 19. dxc6 Ne6 20. Qd7 Qxd7 21. cxd7
Rcd8 22. Nd5 Bg5 23. Rcd1 Rxd7 24. Nf6+ Bxf6 25. Rxd7 Bxb2 26. Rb1 Bxa3 27.
Rxa7 Bb4 28. Rb7 Ba5 29. Bb8 c4 30. Ba7 Nc5 31. Rc7 c3 32. Rc6 c2 33. Rc1 Nd3
34. R1xc2 Nb4 35. R2c4 Nxc6 1/2-1/2

[Event "XtraCon-Skakligaen"]
[Site "Denmark"]
[Date "2013.02.17"]
[Round "7.4"]
[White "Matthiesen, Martin"]
[Black "Pedersen, Steffen"]
[Result "1-0"]
[WhiteElo "2266"]
[BlackElo "2419"]
[PlyCount "57"]
[EventDate "2012.10.27"]
[EventType "team-tourn"]
[EventRounds "9"]
[WhiteTeam "SK1968"]
[BlackTeam "TeamNordeaSkb"]
[WhiteTeamCountry "DEN"]
[BlackTeamCountry "DEN"]

1. d4 Nf6 2. c4 e6 3. Nf3 d5 4. Nc3 Bb4 5. cxd5 exd5 6. Bg5 Nbd7 7. Rc1 h6 8.
Bh4 c5 9. dxc5 Qa5 10. a3 Bxc3+ 11. Rxc3 Ne4 12. b4 Nxc3 13. Qa1 Qa4 14. Qxc3
O-O 15. e3 a5 16. b5 Nxc5 17. Qxc5 Bg4 18. Qd4 Qc2 19. Be2 Qc1+ 20. Bd1 Be6 21.
a4 Rfc8 22. O-O Qa3 23. Qb6 Rc1 24. Qxb7 Rac8 25. Qa7 Bg4 26. Qd4 Bxf3 27. gxf3
R8c4 28. Qxd5 Rxh4 29. Qd8+ 1-0

[Event "XtraCon-Skakligaen"]
[Site "Denmark"]
[Date "2013.02.17"]
[Round "7.5"]
[White "Pedersen, Jan"]
[Black "Rewitz, Poul"]
[Result "1-0"]
[WhiteElo "2392"]
[BlackElo "2252"]
[PlyCount "111"]
[EventDate "2012.10.27"]
[EventType "team-tourn"]
[EventRounds "9"]
[WhiteTeam "TeamNordeaSkb"]
[BlackTeam "SK1968"]
[WhiteTeamCountry "DEN"]
[BlackTeamCountry "DEN"]

1. e4 c6 2. d4 d5 3. exd5 cxd5 4. c3 Nf6 5. Bf4 Nc6 6. Nf3 Bg4 7. Qb3 Qb6 8.
Qxb6 axb6 9. Ne5 Nxe5 10. Bxe5 Nd7 11. Bb5 O-O-O 12. Bg3 e6 13. Nd2 Nf6 14. f3
Bf5 15. O-O Bd6 16. Be5 Bxe5 17. dxe5 Nd7 18. Bxd7+ Kxd7 19. Nb3 Bd3 20. Rfe1
Ra8 21. Nd4 Bc4 22. a3 g5 23. Rad1 Ba6 24. g3 Rag8 25. Kf2 Rg6 26. Rh1 f6 27.
Rde1 Rf8 28. h4 g4 29. exf6 Rgxf6 30. f4 Bd3 31. Re5 Be4 32. Rc1 Kd6 33. Ke3
Bg6 34. Kd2 Re8 35. c4 Rc8 36. cxd5 Rxc1 37. Nb5+ Kd7 38. Kxc1 exd5 39. Rxd5+
Ke7 40. Nc3 Rd6 41. Rxd6 Kxd6 42. b4 Be8 43. Kd2 Bc6 44. Ke3 Ke6 45. Kd4 h6 46.
Nd1 Bg2 47. Ne3 Bf3 48. Nc4 b5 49. Ne5 Kf5 50. Nxf3 gxf3 51. Ke3 Kg4 52. Kf2 h5
53. f5 Kxf5 54. Kxf3 b6 55. g4+ hxg4+ 56. Kg3 1-0

[Event "XtraCon-Skakligaen"]
[Site "Denmark"]
[Date "2013.02.17"]
[Round "7.6"]
[White "Hansen, Bjarne"]
[Black "Berg, Klaus"]
[Result "0-1"]
[WhiteElo "2260"]
[BlackElo "2390"]
[PlyCount "86"]
[EventDate "2012.10.27"]
[EventType "team-tourn"]
[EventRounds "9"]
[WhiteTeam "SK1968"]
[BlackTeam "TeamNordeaSkb"]
[WhiteTeamCountry "DEN"]
[BlackTeamCountry "DEN"]

1. d4 d5 2. c4 dxc4 3. e4 e5 4. Nf3 exd4 5. Qxd4 Qxd4 6. Nxd4 Nf6 7. f3 Bc5 8.
Nb5 Na6 9. Bxc4 c6 10. N5a3 b5 11. Be2 O-O 12. Nc2 Be6 13. Nd2 Rfd8 14. a3 Rd7
15. b4 Bb6 16. a4 Nc7 17. a5 Bd4 18. Nxd4 Rxd4 19. Bb2 Rxb4 20. Be5 Nfe8 21.
Bd1 c5 22. Bc3 Na6 23. Bxb4 Nxb4 24. Ke2 Nc7 25. f4 f5 26. exf5 Bxf5 27. Nb3
Ne6 28. Kf3 c4 29. g4 Bc2 30. Nc1 Rd8 31. Ne2 Bd3 32. Nc3 Nd4+ 33. Kf2 Nbc6 34.
Re1 b4 35. Na4 b3 36. Rc1 Nb4 37. Nb2 Bc2 38. Bxc2 Ndxc2 39. Red1 Rc8 40. Rb1
Na3 41. Rbc1 c3 42. Rd7 Na2 43. Re1 cxb2 0-1

[Event "XtraCon-Skakligaen"]
[Site "Denmark"]
[Date "2013.02.17"]
[Round "7.7"]
[White "Boe, Mads"]
[Black "Bank, Pelle Rodkjaer"]
[Result "1/2-1/2"]
[WhiteElo "2362"]
[BlackElo "2220"]
[PlyCount "58"]
[EventDate "2012.10.27"]
[EventType "team-tourn"]
[EventRounds "9"]
[WhiteTeam "TeamNordeaSkb"]
[BlackTeam "SK1968"]
[WhiteTeamCountry "DEN"]
[BlackTeamCountry "DEN"]

1. d4 g6 2. c3 Bg7 3. Bg5 Nf6 4. Nd2 O-O 5. e3 b6 6. Ngf3 Bb7 7. Bd3 d6 8. O-O
c5 9. Re1 Nbd7 10. h3 Qc7 11. e4 e5 12. dxe5 Nxe5 13. Nxe5 dxe5 14. Bxf6 Bxf6
15. Qe2 Rad8 16. Red1 Bg5 17. Nf3 Bf4 18. Bc4 Rfe8 19. a4 Kh8 20. Ne1 a5 21. b3
Qe7 22. Nf3 f5 23. exf5 gxf5 24. Rxd8 Rxd8 25. g3 Qg7 26. Rd1 Rf8 27. Kh2 e4
28. Nh4 Be5 29. Ng2 f4 1/2-1/2

[Event "XtraCon-Skakligaen"]
[Site "Denmark"]
[Date "2013.02.17"]
[Round "7.8"]
[White "Pedersen, Gunnar"]
[Black "Andersen, Jackie"]
[Result "0-1"]
[WhiteElo "2231"]
[BlackElo "2345"]
[PlyCount "90"]
[EventDate "2012.10.27"]
[EventType "team-tourn"]
[EventRounds "9"]
[WhiteTeam "SK1968"]
[BlackTeam "TeamNordeaSkb"]
[WhiteTeamCountry "DEN"]
[BlackTeamCountry "DEN"]

1. d4 b5 2. e4 Bb7 3. Bd3 e6 4. Ne2 a6 5. O-O c5 6. c3 Nf6 7. Nd2 Nc6 8. Bb1
cxd4 9. cxd4 d6 10. a4 Be7 11. Qb3 O-O 12. Qg3 g6 13. b3 Re8 14. Bb2 bxa4 15.
Rxa4 a5 16. f4 Bf8 17. Qf3 Nb4 18. g4 Bg7 19. h4 d5 20. e5 Ne4 21. Nxe4 dxe4
22. Bxe4 Bxe4 23. Qxe4 Qxh4 24. Qf3 Rec8 25. Bc3 Bf8 26. Be1 Qd8 27. f5 Ra7 28.
Bf2 Qd5 29. Qxd5 Nxd5 30. Rc1 Rb8 31. Nc3 Bh6 32. Rc2 Nb4 33. Re2 gxf5 34. gxf5
exf5 35. d5 Rc7 36. Bd4 Bg5 37. Rxa5 h6 38. Rc5 Rcb7 39. e6 Nd3 40. Rc6 Nf4 41.
exf7+ Rxf7 42. Ra2 Rd7 43. Ra5 Kf7 44. d6 Ke6 45. Rb5 Ne2+ 0-1

[Event "XtraCon-Skakligaen"]
[Site "Denmark"]
[Date "2013.03.09"]
[Round "8.1"]
[White "Hansen, Mads Smith"]
[Black "Andersen, Mads"]
[Result "1/2-1/2"]
[WhiteElo "2364"]
[BlackElo "2461"]
[PlyCount "93"]
[EventDate "2012.10.27"]
[EventType "team-tourn"]
[EventRounds "9"]
[WhiteTeam "Obro"]
[BlackTeam "TeamNordeaSkb"]
[WhiteTeamCountry "DEN"]
[BlackTeamCountry "DEN"]

1. Nf3 Nf6 2. c4 g6 3. Nc3 d5 4. cxd5 Nxd5 5. e4 Nxc3 6. dxc3 Qxd1+ 7. Kxd1 f6
8. e5 Nc6 9. exf6 exf6 10. Bf4 Bc5 11. Bxc7 Bxf2 12. Bc4 Bf5 13. Ke2 Bb6 14.
Bxb6 axb6 15. Rad1 Ke7 16. Rhe1 Rhd8 17. Kf2+ Kf8 18. a3 Rxd1 19. Rxd1 Ke7 20.
Nd4 Nxd4 21. Rxd4 Ra4 22. Ke3 Bc8 23. Bd5 Rxd4 24. Kxd4 g5 25. c4 Kd6 26. b4 h6
27. g3 Kc7 28. a4 Bd7 29. a5 bxa5 30. bxa5 Bc8 31. c5 Bd7 32. Bf3 Be8 33. Be4
Bd7 34. Bd5 Be8 35. Bf3 Bd7 36. Bd1 Bc6 37. Bb3 Be8 38. Bc4 Bc6 39. Bd3 Be8 40.
Be2 Bc6 41. h4 Be8 42. Bf3 Bd7 43. Bd1 Be8 44. Be2 Bc6 45. h5 Kb8 46. Bd1 Kc7
47. Be2 1/2-1/2

[Event "XtraCon-Skakligaen"]
[Site "Denmark"]
[Date "2013.03.09"]
[Round "8.2"]
[White "Palo, Davor"]
[Black "Skousen, Nikolai"]
[Result "1-0"]
[WhiteElo "2551"]
[BlackElo "2198"]
[PlyCount "77"]
[EventDate "2012.10.27"]
[EventType "team-tourn"]
[EventRounds "9"]
[WhiteTeam "TeamNordeaSkb"]
[BlackTeam "Obro"]
[WhiteTeamCountry "DEN"]
[BlackTeamCountry "DEN"]

1. d4 d6 2. c4 e5 3. Nc3 exd4 4. Qxd4 Nc6 5. Qd2 g6 6. b3 Bg7 7. Bb2 Nf6 8. g3
O-O 9. Bg2 Bf5 10. Nh3 Re8 11. Nf4 Ne4 12. Nxe4 Bxe4 13. O-O Bxg2 14. Kxg2 Ne5
15. Rad1 Qd7 16. f3 Rad8 17. e4 a5 18. Nd5 c6 19. Ne3 f6 20. a4 b6 21. Rf2 h5
22. h3 Nf7 23. h4 Ne5 24. Bd4 Qb7 25. Qc2 Re6 26. Kg1 Rde8 27. Ng2 Kh7 28. Nf4
R6e7 29. Bb2 Rd7 30. Kg2 Bh6 31. Ba3 Qb8 32. Rfd2 Nf7 33. Rd4 Bf8 34. e5 Nxe5
35. Nxh5 Be7 36. Bxd6 Rxd6 37. Rxd6 Bxd6 38. Nxf6+ Kh6 39. Qd2+ 1-0

[Event "XtraCon-Skakligaen"]
[Site "Denmark"]
[Date "2013.03.09"]
[Round "8.3"]
[White "Jorgensen, Dennis"]
[Black "Pedersen, Nicolai Vesterbaek"]
[Result "1/2-1/2"]
[WhiteElo "2207"]
[BlackElo "2443"]
[PlyCount "144"]
[EventDate "2012.10.27"]
[EventType "team-tourn"]
[EventRounds "9"]
[WhiteTeam "Obro"]
[BlackTeam "TeamNordeaSkb"]
[WhiteTeamCountry "DEN"]
[BlackTeamCountry "DEN"]

1. d4 Nf6 2. c4 e6 3. Nf3 Bb4+ 4. Bd2 c5 5. Bxb4 cxb4 6. g3 b6 7. Bg2 Bb7 8.
O-O O-O 9. a3 Qe7 10. Nbd2 a5 11. axb4 Qxb4 12. Ra3 a4 13. Qc2 Rc8 14. Rfa1 b5
15. Rc3 bxc4 16. Rxc4 Rxc4 17. Qxc4 Nc6 18. Qxb4 Nxb4 19. Nc4 Ra6 20. e3 Ne8
21. Nfd2 Bxg2 22. Kxg2 d5 23. Ne5 Ra7 24. Ra3 f6 25. Nef3 Ra6 26. b3 axb3 27.
Rxa6 Nxa6 28. Nxb3 Kf7 29. Ne1 g5 30. Nd3 Nd6 31. Nbc5 Nc7 32. Kf3 h5 33. h3
Ke7 34. Nb4 Nf7 35. Ke2 e5 36. Nca6 Nxa6 37. Nxa6 exd4 38. exd4 Kd6 39. Nc5 Nh6
40. Nb7+ Kc7 41. Nc5 Nf5 42. Kd3 Kd6 43. Nb7+ Ke7 44. Nc5 Nd6 45. Ke3 Nf5+ 46.
Kd3 Nd6 47. Ke3 f5 48. Kf3 Nb5 49. Ke3 Na3 50. Kd3 Nc4 51. Ke2 Na3 52. Kd3 Nc4
53. Ke2 Nd6 54. h4 f4 55. hxg5 fxg3 56. fxg3 Nf5 57. Nd3 Nxd4+ 58. Ke3 Ne6 59.
Nb4 Kd6 60. g6 Ke5 61. Nc6+ Kf6 62. Nb4 d4+ 63. Ke4 Kxg6 64. Ke5 Kg5 65. Kxe6
Kg4 66. Ke5 Kxg3 67. Nd3 h4 68. Kxd4 Kf3 69. Ne1+ Kg3 70. Ke3 h3 71. Nf3 h2 72.
Nxh2 Kxh2 1/2-1/2

[Event "XtraCon-Skakligaen"]
[Site "Denmark"]
[Date "2013.03.09"]
[Round "8.4"]
[White "Pedersen, Steffen"]
[Black "Kaaber Hansen, Jacob"]
[Result "1/2-1/2"]
[WhiteElo "2419"]
[BlackElo "2257"]
[PlyCount "37"]
[EventDate "2012.10.27"]
[EventType "team-tourn"]
[EventRounds "9"]
[WhiteTeam "TeamNordeaSkb"]
[BlackTeam "Obro"]
[WhiteTeamCountry "DEN"]
[BlackTeamCountry "DEN"]

1. d4 d5 2. c4 c6 3. Nf3 Nf6 4. e3 Bf5 5. Nc3 e6 6. Nh4 Bg6 7. Qb3 Qb6 8. Nxg6
hxg6 9. Bd2 Nbd7 10. Qc2 Rc8 11. c5 Qc7 12. f4 g5 13. Be2 Be7 14. b4 Nh5 15.
O-O gxf4 16. exf4 g6 17. g4 Ng7 18. Rf2 f5 19. g5 1/2-1/2

[Event "XtraCon-Skakligaen"]
[Site "Denmark"]
[Date "2013.03.09"]
[Round "8.5"]
[White "Schou Moldt, Thomas"]
[Black "Kjeldsen, Jens"]
[Result "0-1"]
[WhiteElo "2226"]
[BlackElo "2396"]
[PlyCount "76"]
[EventDate "2012.10.27"]
[EventType "team-tourn"]
[EventRounds "9"]
[WhiteTeam "Obro"]
[BlackTeam "TeamNordeaSkb"]
[WhiteTeamCountry "DEN"]
[BlackTeamCountry "DEN"]

1. e4 c5 2. Nf3 e6 3. d4 cxd4 4. Nxd4 Nc6 5. Be2 Nf6 6. Nxc6 bxc6 7. Nd2 d5 8.
e5 Nd7 9. Nf3 Be7 10. O-O O-O 11. Bf4 Qb6 12. Bd3 Nc5 13. Be3 Qd8 14. Be2 a5
15. Nd4 Bd7 16. c3 Rb8 17. Qc2 Qc7 18. f4 f6 19. Nf3 Be8 20. Bxc5 Bxc5+ 21. Kh1
Bg6 22. Bd3 Bxd3 23. Qxd3 Rxb2 24. exf6 Rxf6 25. Ng5 g6 26. Rae1 Rxa2 27. Rxe6
Rxe6 28. Nxe6 Qe7 29. f5 Rf2 30. Nxc5 Rxf1+ 31. Qxf1 Qxc5 32. fxg6 hxg6 33. Qf6
Kh7 34. Qf7+ Kh6 35. Qf4+ Kg7 36. Qe5+ Kf7 37. Qf4+ Ke7 38. Qg5+ Kd7 0-1

[Event "XtraCon-Skakligaen"]
[Site "Denmark"]
[Date "2013.03.09"]
[Round "8.6"]
[White "Berg, Klaus"]
[Black "Thestrup, Sixten"]
[Result "1-0"]
[WhiteElo "2390"]
[BlackElo "2072"]
[PlyCount "85"]
[EventDate "2012.10.27"]
[EventType "team-tourn"]
[EventRounds "9"]
[WhiteTeam "TeamNordeaSkb"]
[BlackTeam "Obro"]
[WhiteTeamCountry "DEN"]
[BlackTeamCountry "DEN"]

1. g3 d6 2. Bg2 e5 3. c4 f5 4. Nc3 Nf6 5. d3 Be7 6. e4 c6 7. Nge2 O-O 8. O-O
Be6 9. exf5 Bxf5 10. d4 Na6 11. h3 Nb4 12. g4 Bd3 13. a3 Bxe2 14. Nxe2 Na6 15.
Be3 Nc7 16. Qb3 Qc8 17. f4 exd4 18. Nxd4 d5 19. Nf5 Re8 20. Bd4 dxc4 21. Qxc4+
Qe6 22. Qc3 Nb5 23. Rae1 Qf7 24. Nxe7+ Rxe7 25. Rxe7 Qxe7 26. Qc4+ Qf7 27.
Qxf7+ Kxf7 28. Be5 Rd8 29. a4 Nd4 30. b4 Ne6 31. b5 Nd5 32. bxc6 bxc6 33. f5
Nc5 34. Bd4 Nd3 35. Rb1 Rd7 36. Bxd5+ cxd5 37. a5 Nf4 38. Kf1 g6 39. a6 gxf5
40. gxf5 Nxh3 41. Bxa7 Ng5 42. Be3 Ne4 43. Rb7 1-0

[Event "XtraCon-Skakligaen"]
[Site "Denmark"]
[Date "2013.03.09"]
[Round "8.7"]
[White "Simonsen, Carsten"]
[Black "Boe, Mads"]
[Result "0-1"]
[WhiteElo "2187"]
[BlackElo "2362"]
[PlyCount "80"]
[EventDate "2012.10.27"]
[EventType "team-tourn"]
[EventRounds "9"]
[WhiteTeam "Obro"]
[BlackTeam "TeamNordeaSkb"]
[WhiteTeamCountry "DEN"]
[BlackTeamCountry "DEN"]

1. c4 f5 2. g3 Nf6 3. Bg2 e6 4. Nc3 Be7 5. d3 Nc6 6. e4 fxe4 7. dxe4 O-O 8.
Nge2 Bc5 9. f3 a6 10. Nf4 d6 11. b3 Bd7 12. Qd2 Qb8 13. Nd3 Bd4 14. Bb2 b5 15.
cxb5 axb5 16. Ne2 Bb6 17. Ndf4 Qa7 18. Bh3 Rae8 19. a3 Kh8 20. Qc3 Ne5 21. Bg2
Ba5 22. b4 Bb6 23. Nd3 Nc4 24. Bc1 e5 25. a4 Qb8 26. a5 Ba7 27. Nb2 Nxb2 28.
Bxb2 c5 29. O-O-O cxb4 30. Qxb4 Bc5 31. Qb3 Be6 32. Qd3 Bc4 33. Qd2 Qa7 34. Kb1
b4 35. Nc1 Nxe4 36. fxe4 Rf2 37. Qg5 Rxg2 38. Rhf1 Bxf1 39. Rxf1 Bd4 40. Nd3
Bxb2 0-1

[Event "XtraCon-Skakligaen"]
[Site "Denmark"]
[Date "2013.03.09"]
[Round "8.8"]
[White "Andersen, Jackie"]
[Black "Rhee, Alexander"]
[Result "1-0"]
[WhiteElo "2345"]
[BlackElo "2183"]
[PlyCount "123"]
[EventDate "2012.10.27"]
[EventType "team-tourn"]
[EventRounds "9"]
[WhiteTeam "TeamNordeaSkb"]
[BlackTeam "Obro"]
[WhiteTeamCountry "DEN"]
[BlackTeamCountry "DEN"]

1. d4 Nf6 2. Nf3 g6 3. c4 Bg7 4. Nc3 O-O 5. Bg5 c5 6. d5 h6 7. Bh4 d6 8. e3 g5
9. Bg3 Nh5 10. Qc2 Qa5 11. Nd2 Nd7 12. Be2 Ndf6 13. a3 Bd7 14. Rb1 a6 15. O-O
Nxg3 16. hxg3 Rfc8 17. b4 cxb4 18. axb4 Qd8 19. Nb3 b5 20. Na5 Rc7 21. Rfd1
Rac8 22. Ne4 Qe8 23. Nxf6+ Bxf6 24. Qe4 bxc4 25. Bxc4 Bb5 26. Nc6 Bxc6 27. dxc6
Rxc6 28. Bd3 Bg7 29. b5 Rc5 30. bxa6 d5 31. Qb4 Qd7 32. Qa3 Rc3 33. Qa5 R3c7
34. Bf1 e6 35. Rd3 Ra8 36. Rdb3 Qc8 37. Rb7 Be5 38. Rxc7 Bxc7 39. Qc5 Qd8 40.
Rb7 Bd6 41. Qb5 Bb8 42. Rd7 Qe8 43. Rxd5 Qxb5 44. Rd8+ Kg7 45. Bxb5 Kf6 46. a7
Rxa7 47. Rxb8 Ra1+ 48. Bf1 Re1 49. g4 Rc1 50. g3 Kg7 51. Kg2 Rc2 52. Rb7 Rd2
53. Bc4 Kf6 54. Bb5 Rd8 55. f4 Rc8 56. Kf3 Rg8 57. e4 Rc8 58. e5+ Kg7 59. f5
Rc3+ 60. Kf2 exf5 61. gxf5 Kf8 62. e6 1-0

[Event "XtraCon-Skakligaen"]
[Site "Denmark"]
[Date "2013.03.09"]
[Round "8.1"]
[White "Sorensen, Jan"]
[Black "Teplyi, Igor"]
[Result "0-1"]
[WhiteElo "2429"]
[BlackElo "2386"]
[PlyCount "66"]
[EventDate "2012.10.27"]
[EventType "team-tourn"]
[EventRounds "9"]
[WhiteTeam "Aarhus/Skolerne"]
[BlackTeam "Nordre"]
[WhiteTeamCountry "DEN"]
[BlackTeamCountry "DEN"]

1. e4 c5 2. Nf3 d6 3. d4 cxd4 4. Nxd4 Nf6 5. Nc3 a6 6. Qf3 Nbd7 7. h3 g6 8. Be3
e5 9. Nb3 b5 10. a3 Bb7 11. g4 Rc8 12. Nd2 Be7 13. Bg2 O-O 14. O-O Ne8 15. Bh6
Bg5 16. Bxf8 Bxd2 17. Bxd6 Bxc3 18. bxc3 Nxd6 19. Qe3 Nc4 20. Qg3 Nc5 21. f4
Qb6 22. Kh2 Nd2 23. Rfd1 Ncxe4 24. Qe1 exf4 25. Rxd2 Nxd2 26. Bxb7 Qxb7 27.
Qxd2 Qf3 28. Rg1 Qxc3 29. Qxf4 Qxa3 30. Rg2 Qc5 31. Kh1 a5 32. Rf2 Qc4 33. Rd2
Qxf4 0-1

[Event "XtraCon-Skakligaen"]
[Site "Denmark"]
[Date "2013.03.09"]
[Round "8.2"]
[White "Sloth, Jorn"]
[Black "Rasmussen, Karsten"]
[Result "1/2-1/2"]
[WhiteElo "2340"]
[BlackElo "2435"]
[PlyCount "44"]
[EventDate "2012.10.27"]
[EventType "team-tourn"]
[EventRounds "9"]
[WhiteTeam "Nordre"]
[BlackTeam "Aarhus/Skolerne"]
[WhiteTeamCountry "DEN"]
[BlackTeamCountry "DEN"]

1. d4 Nf6 2. c4 e6 3. g3 c5 4. Nf3 cxd4 5. Nxd4 Qc7 6. Nd2 Nc6 7. Nb5 Qb6 8.
Bg2 d5 9. O-O Be7 10. Qb3 Na5 11. Qd3 Bd7 12. Nc3 d4 13. Nce4 O-O 14. Nxf6+
Bxf6 15. Ne4 Be7 16. c5 Bxc5 17. Nxc5 Qxc5 18. b4 Qxb4 19. Ba3 Qa4 20. Bxf8
Rxf8 21. Rfd1 e5 22. Bd5 Nc6 1/2-1/2

[Event "XtraCon-Skakligaen"]
[Site "Denmark"]
[Date "2013.03.09"]
[Round "8.3"]
[White "Skytte, Rasmus"]
[Black "Petersen, Tom Petri"]
[Result "1-0"]
[WhiteElo "2406"]
[BlackElo "2331"]
[PlyCount "67"]
[EventDate "2012.10.27"]
[EventType "team-tourn"]
[EventRounds "9"]
[WhiteTeam "Aarhus/Skolerne"]
[BlackTeam "Nordre"]
[WhiteTeamCountry "DEN"]
[BlackTeamCountry "DEN"]

1. e4 g6 2. d4 Bg7 3. Nf3 d6 4. Bc4 a6 5. O-O e6 6. Re1 Ne7 7. Bb3 O-O 8. c3
Nd7 9. Nbd2 b6 10. Nf1 Bb7 11. Ng3 c5 12. Be3 cxd4 13. cxd4 Nf6 14. Bf4 Rc8 15.
h4 h5 16. Ng5 Nh7 17. Nxh7 Kxh7 18. Bg5 f6 19. Bd2 d5 20. Bb4 Rf7 21. Qd3 a5
22. Bxe7 Rxe7 23. exd5 Bxd5 24. Nxh5 Bxb3 25. axb3 Qd6 26. Rad1 Rd8 27. g3 f5
28. Nxg7 Kxg7 29. Re5 Qc6 30. Qe3 Rd5 31. h5 Rxe5 32. dxe5 Qc2 33. Rc1 Qe4 34.
Qg5 1-0

[Event "XtraCon-Skakligaen"]
[Site "Denmark"]
[Date "2013.03.09"]
[Round "8.4"]
[White "Veng, Johny"]
[Black "Christensen, Tobias"]
[Result "1/2-1/2"]
[WhiteElo "2239"]
[BlackElo "2362"]
[PlyCount "30"]
[EventDate "2012.10.27"]
[EventType "team-tourn"]
[EventRounds "9"]
[WhiteTeam "Nordre"]
[BlackTeam "Aarhus/Skolerne"]
[WhiteTeamCountry "DEN"]
[BlackTeamCountry "DEN"]

1. c4 c5 2. g3 e5 3. Bg2 g6 4. Nc3 Bg7 5. Nf3 Ne7 6. O-O O-O 7. d3 d6 8. Bd2
Qc7 9. Rb1 Bd7 10. a3 a5 11. Qc1 Rc8 12. Ne1 Nbc6 13. Nc2 Nd4 14. Nxd4 exd4 15.
Ne4 f5 1/2-1/2

[Event "XtraCon-Skakligaen"]
[Site "Denmark"]
[Date "2013.03.09"]
[Round "8.5"]
[White "Pedersen, Finn"]
[Black "Christensen, Jan Schleicher"]
[Result "1-0"]
[WhiteElo "2291"]
[BlackElo "2252"]
[PlyCount "73"]
[EventDate "2012.10.27"]
[EventType "team-tourn"]
[EventRounds "9"]
[WhiteTeam "Aarhus/Skolerne"]
[BlackTeam "Nordre"]
[WhiteTeamCountry "DEN"]
[BlackTeamCountry "DEN"]

1. g3 g6 2. Bg2 Bg7 3. d4 c5 4. c3 Nf6 5. e4 O-O 6. dxc5 Na6 7. Be3 Qc7 8. b4
b6 9. Nd2 Bb7 10. Rc1 d5 11. cxd6 exd6 12. Ne2 d5 13. O-O dxe4 14. Qa4 Qe7 15.
Bd4 Rad8 16. Nc4 Nd5 17. a3 Nac7 18. Qb3 Ne6 19. Bxg7 Kxg7 20. Nd4 Nf6 21. Nc2
Ng5 22. Rfe1 Rfe8 23. h4 Ne6 24. N2e3 Rd3 25. Nb2 Rd7 26. Rcd1 Red8 27. Rxd7
Nxd7 28. Nd5 Bxd5 29. Qxd5 Nf6 30. Qb3 Nc7 31. Qa4 Ncd5 32. c4 Nc3 33. Qc2 Qe5
34. Re3 Na4 35. Nxa4 Qa1+ 36. Bf1 Rd1 37. Qe2 1-0

[Event "XtraCon-Skakligaen"]
[Site "Denmark"]
[Date "2013.03.09"]
[Round "8.6"]
[White "Nielsen, Poul Erik"]
[Black "Ochsner, Thomas"]
[Result "1/2-1/2"]
[WhiteElo "2215"]
[BlackElo "2317"]
[PlyCount "51"]
[EventDate "2012.10.27"]
[EventType "team-tourn"]
[EventRounds "9"]
[WhiteTeam "Nordre"]
[BlackTeam "Aarhus/Skolerne"]
[WhiteTeamCountry "DEN"]
[BlackTeamCountry "DEN"]

1. c4 Nf6 2. g3 e6 3. Bg2 d5 4. Nf3 Be7 5. O-O O-O 6. b3 c5 7. Bb2 b6 8. e3 Bb7
9. Qe2 Nc6 10. Nc3 dxc4 11. bxc4 Qc7 12. Ne1 Rfd8 13. f4 Rd7 14. g4 Rad8 15.
Rd1 Nb4 16. Bxb7 Qxb7 17. d3 a6 18. a3 Nc6 19. g5 Ne8 20. Rf3 f5 21. gxf6 Nxf6
22. Rg3 e5 23. Qg2 Nh5 24. Rh3 Nf6 25. Rg3 Nh5 26. Rh3 1/2-1/2

[Event "XtraCon-Skakligaen"]
[Site "Denmark"]
[Date "2013.03.09"]
[Round "8.7"]
[White "Rendboe, John Filip"]
[Black "Klitgaard, Thomas"]
[Result "1-0"]
[WhiteElo "2233"]
[BlackElo "2186"]
[PlyCount "85"]
[EventDate "2012.10.27"]
[EventType "team-tourn"]
[EventRounds "9"]
[WhiteTeam "Aarhus/Skolerne"]
[BlackTeam "Nordre"]
[WhiteTeamCountry "DEN"]
[BlackTeamCountry "DEN"]

1. d4 Nf6 2. c4 e6 3. Nc3 Bb4 4. e3 O-O 5. Bd3 d5 6. Nge2 dxc4 7. Bxc4 Nc6 8.
O-O e5 9. d5 Ne7 10. a3 Bd6 11. e4 Ng6 12. b4 Qe7 13. Ng3 a5 14. b5 Nh4 15. Bg5
Ng6 16. Nh5 Nf4 17. Nxf6+ gxf6 18. Bh6 Bxa3 19. Bxf8 Qxf8 20. Qf3 Bc5 21. Ne2
Nxe2+ 22. Bxe2 Qe7 23. Ra4 Bd7 24. Rc1 b6 25. Qh5 Kh8 26. Rc3 Rg8 27. Ra2 f5
28. exf5 Rg5 29. Qh6 Bxf5 30. Rxc5 bxc5 31. Rxa5 Rg8 32. Ra4 Bg6 33. Qe3 Qd6
34. Bc4 f5 35. Ra6 Qe7 36. Re6 Qg7 37. Qxe5 Qxe5 38. Rxe5 f4 39. h4 Bf7 40. Rf5
Rg7 41. Rxf4 Kg8 42. f3 Rg6 43. Kf2 1-0

[Event "XtraCon-Skakligaen"]
[Site "Denmark"]
[Date "2013.03.09"]
[Round "8.8"]
[White "Hoiberg, Nina"]
[Black "Hagen, Kresten Skytte"]
[Result "1-0"]
[WhiteElo "2196"]
[BlackElo "2186"]
[PlyCount "79"]
[EventDate "2012.10.27"]
[EventType "team-tourn"]
[EventRounds "9"]
[WhiteTeam "Nordre"]
[BlackTeam "Aarhus/Skolerne"]
[WhiteTeamCountry "DEN"]
[BlackTeamCountry "DEN"]

1. e4 e6 2. Nf3 d5 3. e5 c5 4. b4 cxb4 5. d4 Bd7 6. a3 Qa5 7. Bd2 Nh6 8. Bd3
Bb5 9. Bxh6 gxh6 10. O-O Bxd3 11. Qxd3 Nc6 12. Nbd2 bxa3 13. c4 dxc4 14. Nxc4
Qd5 15. Rfb1 Rd8 16. Ne3 Nxe5 17. Nxd5 Nxd3 18. Nf6+ Ke7 19. Nh5 e5 20. Rxa3 e4
21. Rxb7+ Ke6 22. Ra6+ Rd6 23. d5+ Kxd5 24. Nf6+ Rxf6 25. Rxf6 exf3 26. Rd7+
Kc4 27. Rxf3 Ne5 28. Rf4+ Kc3 29. Rxa7 Bg7 30. Ra3+ Kb2 31. Ra7 Rd8 32. Rb7+
Kc3 33. Rc7+ Kb3 34. Rb7+ Kc3 35. Rc7+ Kd2 36. g3 Nd3 37. Rfxf7 Bd4 38. Kg2 Re8
39. Rcd7 Bc5 40. Rf3 1-0